000 01109nam a2200301 c 4500
003 BLK
005 20180420221410.0
008 180408b bul|||||r ||||||| ||bul||
010 _aKNG00046388000
020 _a5-237-01135-7
_bиздат.: АСТ
040 _aBLK
041 _aRUS
_cRUS
080 _aАнглийска литература
_b821.111
_x-93-32
_z821.111-93-32
100 1 _aТрэверс, Памела
_eпърви автор
_9131659
700 1 _aЗаходер, Борис Владимирович
_eпер.
_969415
139 _aТрэверс, Памела
_bТ 81
245 1 0 _aМэри Поппинс открывает дверь
_bСказочная повесть
_cПамела Трэверс; пер. Борис Владимирович Заходер.
257 _aGBR
260 Москва
_bАСТ
_c2000
300 _a384 с
_bил.
_c22 см
380 _aDX
490 1 _aЗолотая библиотека
852 _aЦб 206328
856 4 _qpdf
_u
856 4 _qpdf
_u
942 _cKNG
_n0
944 _aCR
_c01.01.2000
_kAB_DOS
944 _aED
_c27.02.2018
_kГеновева_Генчева
999 _c42720
_d42720